Soothing the establishment : the impact of foreign-born scientists and engineers on America /

Bibliographic Details
Main Author: North, David S.
Corporate Author: Alfred P. Sloan Foundation
Format: Book
Language:English
Published: Lanham, Md. : University Press of America, [1995]
Subjects:

MARC

Tag First Indicator Second Indicator Subfields
LEADER 00000cam a22000008a 4500
001 in00001237651
005 20151003071832.0
008 950124s1995 mdu b 001 0 eng
010 |a  95003988  
020 |a 0819198870 (cloth) 
035 |a (OCoLC)32016459 
035 |9 AGT5262AM 
040 |a DLC  |c DLC  |d GZO  |d SYB  |d TXA  |d UtOrBLW 
043 |a n-us--- 
049 |a TXAM 
050 0 0 |a Q183.3.A1  |b N67 1995 
082 0 0 |a 306.4/5/0973  |2 20 
100 1 |a North, David S. 
245 1 0 |a Soothing the establishment :  |b the impact of foreign-born scientists and engineers on America /  |c David S. North. 
263 |a 9504 
264 1 |a Lanham, Md. :  |b University Press of America,  |c [1995] 
264 4 |c ©1995 
300 |a vi, 184 pages :  |b illustrations ;  |c 23 cm. 
336 |a text  |b txt  |2 rdacontent 
337 |a unmediated  |b n  |2 rdamedia 
338 |a volume  |b nc  |2 rdacarrier 
500 |a "Supported by the Alfred P. Sloan Foundation." 
504 |a Includes bibliographical references and index. 
650 0 |a Science  |x Study and teaching (Graduate)  |z United States. 
650 0 |a Engineering  |x Study and teaching (Graduate)  |z United States. 
650 0 |a Students, Foreign  |z United States. 
650 0 |a Scientists  |x Supply and demand  |z United States. 
650 0 |a Engineers  |x Supply and demand  |z United States. 
710 2 |a Alfred P. Sloan Foundation. 
999 |a MARS 
999 f f |s f61cfd74-5b4a-36b4-bfd3-7f45c5829f9f  |i 60f4bf6b-70f7-3a28-b9e7-b7b8905b6455  |t 0 
952 f f |p ric  |a Texas A&M University  |b Rellis Campus  |c Joint Library Facility  |d Remote Storage  |t 0  |e Q183.3.A1 N67 1995  |h Library of Congress classification  |i unmediated -- volume  |m A14819710902 
998 f f |a Q183.3.A1 N67 1995  |t 0  |l Remote Storage